Score 0/25 Timer 08:00
6 Plays Today
% Correct
verbatim
85.6%
affluent
85.3%
atomizer
85%
allegory
83.7%
mangrove
82.5%
encumber
82.2%
argonaut
81.4%
exultant
80.8%
creosote
80.1%
wisteria
77.3%
escalade
74.6%
frenetic
73%
beatific
71%
% Correct
undulate
70.3%
easement
70.1%
nebulous
69.1%
pristine
65.1%
pedantic
62.9%
insolate
62%
hermetic
59.3%
valerian
54.7%
insulate
51.3%
salivate
51.2%
eminence
38.8%
creature
37.7%
Remove Ads.
Support Sporcle.
Get the best of Sporcle when you Go Orange. This ad-free experience offers more features, more stats, and more fun while also helping to support Sporcle. Thank you for becoming a member.

You're not logged in!

Compare scores with friends on all Sporcle quizzes.
OR
Log In

Sporcle TV

Today on Sporcle TV


Watch our educational content, quiz creation guides, and fun videos on Sporcle TV.

Show Comments

Extras

Top Quizzes Today


Score Distribution

Paid Content

Your Account Isn't Verified!

In order to create a playlist on Sporcle, you need to verify the email address you used during registration. Go to your Sporcle Settings to finish the process.

Report this User

Report this user for behavior that violates our Community Guidelines.

Details: